000 00593nam a2200205 a 4500
005 20140310183316.0
008 030203s19uu xx 00 eng d
020 _a9812547819
050 _aRT 48
_b.Es79 2005
100 _aEstes, Mary Ellen
245 _aHealth assessment and physical examination /
_cMary Ellen Estes.
250 _a2nd ed.
260 _aSingapore :
_bDelmar Thomson Learning,
_c2005.
300 _a932 p. :
_bill. ;
_c27 cm.
521 _aNUR
650 _aNursing assessment.
650 _aPhysical examination
_xNursing.
942 _cBK
_2lcc
_kFOR
999 _c21272
_d21272